Statystyki dla Który raper nagrał tą piosenkę?

Kliknij tutaj aby rozwiązać quiz!

Ogólne statystyki

  • Ten quiz został rozwiązany 1 448 razy
  • Średni wynik to 10 z 15

Statystyki odpowiedzi

Tekst PiosenkiRaper% Poprawnych
SzamanPaluch
94%
CandyQuebonafide
93%
WikingSarius
92%
8 kobietTaconafide
92%
Nie,NieOtsochodzi
87%
Piotruś PanReTo
86%
Tatuaże z HennyGuzior
80%
KosmitaGedz
77%
Nowi Kumplewhite 2115
75%
Góra TrupówChillwagon
68%
AlcatrazO.S.T.R
62%
CichociemniKizo
61%
BakayokoTaco Hemingway
61%
RSPKTqry
13%
WakacjeGrubson
9%

Rozkład punktacji

Percentyl według liczby udzielonych odpowiedzi

Procent ludzi z każdym wynikiem

Twoja historia wyników

Nie rozwiązałeś tego quizu